| 000 | 00625nam a2200205 a 4500 | ||
|---|---|---|---|
| 001 | 12369 | ||
| 003 | CO-ViMGA | ||
| 008 | 141112s2004 ck r 000 u spa d | ||
| 040 |
_aCO-ViMGA _bspa _cCO-ViMGA |
||
| 082 | 0 | 4 | _a347.7 V35i3 |
| 100 | 1 |
_aVela, Camelo Jaime _917686 |
|
| 245 | 1 | 0 | _aInvalidez e ineficacia del Negocio Juridico |
| 250 | _a1 | ||
| 260 |
_aBogotá : _bEdiciones Juridica Radar, _c1989 |
||
| 300 | _a242p. | ||
| 590 | _aForma de adquisición : DONACION - - Proveedor : MANUEL DARIO RODRIGUEZ | ||
| 650 | 1 | 4 |
_aNEGOCIO JURIDICO COLOMBIA _917687 |
| 650 | 1 | 4 |
_aNEGOCIOS - LEGISLACION _917688 |
| 942 |
_2ddc _cBK |
||
| 999 |
_c23378 _d23378 |
||